000 00718nam a2200253Ia 4500
005 20250425160742.0
008 250425s9999 xx 000 0 und d
020 _a980616833X
041 _aspa
082 _a309.18
100 _aCORDEIRO, JOSE LUIS
245 0 _aEL DESAFIO LATINOAMERICANO: Y SUS CINCO GRANDES RETOS, EDUCACION, SOCIEDAD, ECONOMIA, POLITICA, ECOLOGIA
250 _a1A ED.
260 _aCARACAS
260 _aVenezuela
_bMCGRAW-HILL
_c1995
300 _a320
500 _aInlcuye 1 mapa. CONSULTAR 33909 EN BIBTEC
650 _aAMERICA LATINA
650 _aDESARROLLO REGIONAL
650 _aINTEGRACION REGIONAL
650 _aMODELOS ECONOMICOS
942 _c01
010 _a4410
999 _c195435
_d195435